Mahākavi-Kālidāsa-viracitam Mālavikāgnimitram nāma nāṭakam. (Record no. 68795)

MARC details
000 -LEADER
fixed length control field 00741cam a22002411 4500
001 - CONTROL NUMBER
control field sa 66003305
003 - CONTROL NUMBER IDENTIFIER
control field DLC
005 - DATE AND TIME OF LATEST TRANSACTION
control field 20260227112234.0
008 - FIXED-LENGTH DATA ELEMENTS--GENERAL INFORMATION
fixed length control field 900214s1964 ii 000 0 sano
010 ## - LIBRARY OF CONGRESS CONTROL NUMBER
LC control number sa 66003305
035 ## - SYSTEM CONTROL NUMBER
System control number (OCoLC)21064351
040 ## - CATALOGING SOURCE
Original cataloging agency DLC
Transcribing agency WaU
Modifying agency DLC
041 0# - LANGUAGE CODE
Language code of text/sound track or separate title sanhin
042 ## - AUTHENTICATION CODE
Authentication code premarc
050 00 - LIBRARY OF CONGRESS CALL NUMBER
Classification number PK3796
Item number .M2 1964c
100 0# - MAIN ENTRY--PERSONAL NAME
Personal name Kālidāsa.
245 10 - TITLE STATEMENT
Title Mahākavi-Kālidāsa-viracitam Mālavikāgnimitram nāma nāṭakam.
Remainder of title Malavikagnimitram of Kalidasa.
Statement of responsibility, etc. With a critical commentary and introd.
260 ## - PUBLICATION, DISTRIBUTION, ETC.
Date of publication, distribution, etc. 1964.
300 ## - PHYSICAL DESCRIPTION
Extent 2, 86, 2, 420 p.
Dimensions 18 cm.
500 ## - GENERAL NOTE
General note Hindi and Sanskrit; foreword and introd. in Hindi.
740 0# - ADDED ENTRY--UNCONTROLLED RELATED/ANALYTICAL TITLE
Uncontrolled related/analytical title Mālavikāgnimitram.
700 1# - ADDED ENTRY--PERSONAL NAME
Personal name Pant, Mohandev,
Dates associated with a name 1905-

No items available.

Powered by Koha